| 000 | 00463nam a22001337a 4500 | ||
|---|---|---|---|
| 082 | _aMS-CCS-4 HIR | ||
| 100 |
_aHira Asgher _9100835 |
||
| 245 | _aA deliberately insecure j2ee semantic web application framework: Injection attacks and defenses mechanisms for web 3.0 | ||
| 260 |
_aIslamabad _bNUST university _c2013 |
||
| 300 | _a48p. : | ||
| 500 | _aSupervisor: Dr. Zahid Anwar | ||
| 856 | _uhttp://10.250.8.41:8080/xmlui/handle/123456789/6659 | ||
| 942 |
_cPR _2ddc |
||
| 999 |
_c12265 _d12265 |
||